Foods In A Vietnamese Cơm Tấm (Broken Rice) Dish - Statistics

General Stats
  • This quiz has been taken 12 times
  • The average score is 5 of 13
Answer Stats
Answer % Correct
Broken rice (Gạo tấm)
100%
Fried egg (Trứng ốp la)
82%
Tomato (Cà chua)
73%
Fish sauce (Nước mắm ngọt)
64%
Cucumber (Dưa leo)
55%
Shredded pork skin (Bì heo)
45%
Grilled pork chop or pork rib (Sườn cốt lết hoặc sườn cọng nướng)
36%
Pickled carrot (Cà rốt ngâm)
18%
Scallion oil (Mỡ hành)
18%
Steamed egg meatloaf (Chả trứng)
18%
Lap Cheong/Chinese sausage (Lạp xưởng)
9%
Pickled radish (Củ cải trắng ngâm)
9%
Pork scratchings/rinds/skins (Tóp mỡ)
9%
No matching quizzes found
Score Distribution
Percent of People with Each Score
Percentile by Number Answered
Your Score History
You have not taken this quiz